| 000 | 00555nam a2200169 4500 | ||
|---|---|---|---|
| 001 | 109306 | ||
| 003 | ES-MaACL | ||
| 005 | 20230906184823.0 | ||
| 007 | t| | ||
| 008 | 061121s1957 sp r ||||1| spa d | ||
| 100 | 1 |
_aMúgica, Luis Esteban. _984059 |
|
| 245 | 1 | 0 |
_aDiágnostico y tratamiento de la poliomelitis / _cLuis Esteban Múgica; prólogo de Modesto Martínez Peñeiro. |
| 260 |
_aMadrid : _bPaz Montalvo, _c1957. |
||
| 300 |
_a128 p., 1 lám ; _c24 cm. |
||
| 700 | 1 |
_aMartínez Peñeiro, Modesto. _978322 |
|
| 852 |
_aES-MaACL _jC-11877 _bR.40016 |
||
| 999 |
_c109306 _d109306 |
||